Biblioteka Instytutu Północnego w Olsztynie

Widok standardowy Widok MARC

Pozycja Personal Name

Liczba rekordów, w których użyto hasła: 1

001 - Numer kontrolny

  • control field: 40979

003 - Identyfikator numeru kontrolnego

  • control field: NUKAT

005 - Data i czas ostatniej modyfikacji

  • control field: 20260430105136.0

008 - Dane kontrolne kodowane (40 znaków)

  • fixed length control field: 200521n||a|znnaabn |a aaa |c

010 ## - Numer kontrolny Biblioteki Kongresu

  • numer kontrolny LC: n 2020145850

024 7# - OTHER STANDARD IDENTIFIER

  • Standard number or code: 28159154303811992259
  • Source of number or code: viaf

040 ## - Instytucja sporządzająca rekord

  • inst. przygot. dane do rek. khw: WR U/as
  • język haseł przedmiotowych/tezaurus: kaba
  • inst. wprow. rek. khw: WR U/as

043 ## - Kod obszaru geograficznego

  • ISO code: PL

100 1# - Hasło - nazwa osobowa

  • nazwa osobowa w formie ujednoliconej: Górski, Michał
  • dopowiedzenie inne niż daty biograficzne: (język ukraiński).

370 ## - Associated place

  • Country: Polska.
  • Auth control #: http://nukat.edu.pl/aut/s 94110000
  • Source of term: kaba

372 ## - Field of activity

  • Field: Tłumaczenie.
  • Auth control #: http://nukat.edu.pl/aut/s 96014539
  • Source of term: kaba

372 ## - Field of activity

  • Field: Język ukraiński.
  • Auth control #: http://nukat.edu.pl/aut/s 95011477
  • Source of term: kaba

374 ## - Occupation

  • Occupation: Tłumacze.
  • Auth control #: http://nukat.edu.pl/aut/s 96014534
  • Source of term: kaba

375 ## - Gender

  • Gender: 1
  • Source of term: iso5218

377 ## - Assoc lang

  • Lang code: pol
  • Lang code: ukr

670 ## - Źródło informacji

  • źródło informacji: Kp. Razem z Wojskiem Polskim : Armia Ukraińskiej Republiki Ludowej w 1920 roku / Andrij Rukkas. - Warszawa, 2020.
  • gdzie znaleziono informację: Tł. z jęz. ukr.

675 ## - Źródło nie podające informacji

  • wskazanie źródła: BNPol online, 22.05.20
Biblioteka Instytutu Północnego, ul. Partyzantów 87, 10-402 Olsztyn, email: biblioteka(at)ip.olsztyn.pl